00632 2200229 4500001002100000005001500021035002000036007000300056008004100059020002200100082001000122084001600132100002400148245008100172250001000253260002700263300003600290650003600326700001800362990001100380990001100391INLIS00000000000437620191101090014 a0010-1119000003ta191101 g 0 ind  a978-602-1595-93-0 a745.5 a745.5 BIN k0 aBINAR, Sekar Langit1 aKreasi Hantaran Mahar Cantik /cBinar Sekar Langit; penyunting, Puji Susanti acet.1 aJakarta :bPadi,c2016 avii, 93 hlm. :bilus. ;c24 cm. 4aSENI DEKORASI. KERAJINAN TANGAN0 aPUJI, Susanti a7096 a a7096 b